Euroopan suurimmat kaupungit • A-Z - Statistics

Yleistilastot
  • Tätä visaa on pelattu 413 kertaa
  • Keskiarvotulos 11 / 25
Vastaustilastot
# Väestö Kaupunki A-Z % Oikein
B 3,670,622 Berliini
91%
L 8,787,892 Lontoo
91%
M 13,197,596 Moskova
88%
R 2,877,215 Rooma
85%
T 952,058 Torino
80%
A 848,861 Amsterdam
78%
P 5,323,300 Pietari
70%
W 1,877,836 Wien
64%
V 1,720,398 Varsova
60%
I 14,804,116 Istanbul
58%
K 2,909,491 Kiova
56%
H 1,787,408 Hampuri
50%
N 989,111 Napoli
45%
Z 806,920 Zagreb
43%
F 732,688 Frankfurt am Main
40%
S 1,359,520 Sofia
31%
E 566,201 Essen
20%
O 999,359 Odessa
20%
C 346,100 Cardiff
13%
G 583,601 Genova
13%
J 213,000 Jekaterinburg
13%
U 1,121,429 Ufa
13%
D 944,552 Donetsk
11%
Q 78,273 Queluz
4%
X 21,501 Xanten
3%
Ehtoja vastaavia visoja ei löytynyt
Tulosjakauma
Jokaisen tuloksen saaneiden osuus
Persentiili vastausten määrän mukaan
Tuloshistoriasi
Et ole pelannut tätä visaa